000 01191nam a2200301 a 4500
008 020821s2000 xo a gr 0000yyslo c
020 _a8088699169
_c10
040 _aSNK
_bslo
_cSNK
_eAACR2
041 1 _aslo
_hger
044 _axo
_cSK
080 _a630*2:504.54
080 _a504.54
100 1 _aBockemühl, Jochen
_4aut
_4ill
240 1 0 _aSterbende Wälder - eine Bewusstseinsfrage
_lSlovensky
245 1 0 _aUmierajúce lesy - otázka vedomia
_bškolenie na prírodných súvislostiach a zmena spôsobu života
_cobrazy a texty: Jochen Bockemühl ; [z nemeckého originálu preložili Peter Duchoslav a Danica Jančáryová]
250 _a1. vyd.
260 _aTulčík
_bABIES
_c2000
300 _a99 s.
_bfareb. ilustr.
_c20 cm
500 _aÚdaj o prekl. prevzatý z rubu tit. strany
504 _aBibliogr. s. 99
650 0 7 _alesy
_xochrana
_xaspekty filozofické
_2SNK
650 0 7 _aekológia krajinná
_xvzťah k prírode
_xaspekty filozofické
_2SNK
700 1 _aDuchoslav, Peter
_4trl
700 1 _aJančáryová, Danica
_4trl
730 _tSterbende Wälder - eine Bewusstseinsfrage
765 0 _tSterbende Wälder - eine Bewusstseinsfrage
_aBockemühl
958 _aAPP
999 _c15273
_d15273